000 00746nam a2200265Ia 4500
005 20260302114739.0
008 008 260114s9999 xx 000 0 eng d
020 _a9798881813345
037 _aTextbook
040 _aCRL
040 _beng
040 _cCRL
041 _2eng
041 _aeng
084 _qCRL
100 _aReinhold F. Glei & Maik Goth
_91119632
245 0 _aMedievalia et Humanistica, No. 48 Studies in Medieval and Renaissance Culture: New Series
260 _bBloomsbury
260 _bRowman & Littlefield
260 _c2023
650 _aLiterary Studies
856 _uhttps://doi.org/10.5040/9798881813345?locatt=label:secondary_bloomsburyCollections
942 _cEBOOK
999 _c1683694
_d1683694